Análisis y mejora de cobertura de red con tecnología LTE usando el modelo de propagación okomura-hata en la zona urbana de Managua.

En el siguiente trabajo monográfico es sobre la planeación de redes móviles y los modelos de propagación adecuados en función del entorno al cual se requiere radiar. También considerar parámetros que son requeridos por un determinado modelo, como, por ejemplo: frecuencia, distancia entre la...

Full description

Bibliographic Details
Main Author: Olivares Pineda, Danields Odel
Other Authors: Tutor: Torres, Dalia Cedrick
Format: Tesis Section = Libro
Language:Undetermined
Spanish
Published: Managua UNI 2023
Subjects:
LEADER 01700nam a2200253Ia 4500
008 240830s9999 xx 000 0 und d
040 |a BIBLIOTECA-RUSB/ Mon 621.382 O48 
041 |a spa 
082 |a Mon 621.382 O48 
100 1 |a Olivares Pineda, Danields Odel 
245 1 0 |a Análisis y mejora de cobertura de red con tecnología LTE usando el modelo de propagación okomura-hata en la zona urbana de Managua. 
260 |a Managua   |b UNI  |c 2023 
300 |a 40 p.: il. 
500 |a Contiene: anexos y CD. 
502 |a Tesis (Electrónica) - UNI, 2023. 
520 3 |a En el siguiente trabajo monográfico es sobre la planeación de redes móviles y los modelos de propagación adecuados en función del entorno al cual se requiere radiar. También considerar parámetros que son requeridos por un determinado modelo, como, por ejemplo: frecuencia, distancia entre la antena de la estación base y del teléfono móvil, altura, etc. Se configuró la estación base (e-Nodeb) que satisface los niveles de cobertura para el servicio de datos en los residenciales Versalles y La Robaleda. Se consideró una antena omnidireccional a una altura de 12mts, ya que es el máximo permitido por la administración de los residenciales antes mencionados. Se muestra la simulación con un histograma donde se muestra el área que es radiada con respecto a los niveles de potencia que recibirá la terminal. 
650 7 |a REDES DE COMUNICACIONES 
650 7 |b  MODELOS DE PROPAGACION - OKOMURA-HATA 
650 7 |c  TELECOMUNICACIONES MOVILES 
650 7 |d  TECNOLOGÍA INALAMBRICA – LTE 
700 1 |a Tutor:  |b Torres, Dalia Cedrick 
942 |c BK  |2 ddc 
991 |a TESIS 
999 |c 27835